000 00718cab a2200217 4500
001 ABS38622
008 090401t1988 xxu||||| |||| 00| 0 eng d
035 _a(Sirsi) u11546
041 _aeng
100 _aThomas, T.
245 _aNew powers: managing the opportunities
260 _c1988
350 _a0
490 _aCBSI
_vJournal 185(41) January 1988, 207-210(4)
520 _aExamines the powers under the Building Societies Act 1986 permitting societies to extend business activities into new areas and how these need to be implemented.
650 _aBUILDING SOCIETIES
650 _aDEREGULATION
690 _aMANAGEMENT-BUSINESS MANAGEMENT-PROFESSIONAL PRACTICE
942 _n0
948 _c04/03/1997
999 _c7362
_d7362